[Event "13th Parsvnath Open"]
[Site "New Delhi IND"]
[Date "2015.01.10"]
[Round "3.14"]
[White "Ravi, Teja S."]
[Black "Mozharov, Mikhail"]
[Result "0-1"]
[BlackTitle "GM"]
[WhiteElo "2338"]
[BlackElo "2557"]
[WhiteFideId "5017220"]
[BlackFideId "4189825"]
[EventDate "2015.01.09"]

1. d4 Nf6 2. Nf3 e6 3. c4 b6 4. e3 Bb7 5. Nc3 Bb4 6. Bd2 O-O 7. Bd3 d5 8. O-O
Be7 9. Qb3 Nbd7 10. Rfd1 c5 11. cxd5 cxd4 12. exd4 Nxd5 13. Nxd5 Bxd5 14. Bc4
Nf6 15. Bxd5 Qxd5 16. Qxd5 Nxd5 17. Rac1 Rfc8 18. Kf1 f6 19. Ke2 Kf7 20. Rxc8
Rxc8 21. Rc1 Rd8 22. h4 h5 23. Rc6 Bd6 24. Kd3 Ke8 25. a3 Kd7 26. Rc2 Rb8 27.
Ne1 a5 28. Ke4 Be7 29. Kf3 g5 30. hxg5 fxg5 31. Nd3 Rf8+ 32. Ke2 Bf6 33. Rc1 g4
34. Rh1 Rh8 35. Ne5+ Bxe5 36. dxe5 Ke8 37. f3 gxf3+ 38. Kxf3 Rf8+ 39. Kg3 Rf5
40. Re1 Kf7 41. Re2 Kg6 42. Kh3 Rf1 43. g3 Rf3 44. Kh4 Rd3 45. Kh3 Rd4 46. Bc1
Rc4 47. Re1 a4 48. Kg2 h4 49. gxh4 Rxh4 50. Kf3 Kf5 51. Ke2 Re4+ 52. Kd1 Rxe1+
53. Kxe1 Kxe5 54. Bh6 Kd4 55. Kd2 Kc4 56. Bg7 Kb3 57. Kd3 Ne7 58. Bd4 b5 59. Ke4
Kc4 60. Bg7 Nc6 61. Bf6 Nb8 62. Be5 Nd7 63. Bd4 Kb3 64. Bc3 Nb6 65. Kd4 Nc4 66.
Kc5 Nxb2 67. Bf6 b4 68. Kd4 0-1

[Event "13th Parsvnath Open"]
[Site "New Delhi IND"]
[Date "2015.01.10"]
[Round "3.15"]
[White "Murali Krishnan, B.T."]
[Black "Dzhumaev, Marat"]
[Result "1-0"]
[WhiteTitle "IM"]
[BlackTitle "GM"]
[WhiteElo "2283"]
[BlackElo "2515"]
[WhiteFideId "5004977"]
[BlackFideId "14200236"]
[EventDate "2015.01.09"]

1. d4 f5 2. Nf3 g6 3. g3 Bg7 4. Bg2 Nf6 5. O-O O-O 6. c4 c6 7. Nc3 Na6 8. b3 d6
9. Bb2 h6 10. Re1 g5 11. e4 fxe4 12. Nxe4 Nxe4 13. Rxe4 Bf5 14. Re3 Rf7 15. Qd2
Qf8 16. Rf1 Rd8 17. d5 c5 18. a3 Rb8 19. Bxg7 Qxg7 20. Rfe1 Rbf8 21. Qe2 Re8 22.
Nd2 Nc7 23. Be4 Bd7 24. Qd3 Rf6 25. Bf3 g4 26. Bg2 b6 27. f4 a5 28. a4 Na6 29.
Qe2 Rf7 30. Ne4 Rd8 31. Nf2 Kf8 32. Be4 Nc7 33. Bd3 Ne8 34. Qc2 Qd4 35. Bg6 Rg7
36. Bf5 Bxf5 37. Qxf5+ Qf6 38. Qc2 Qf7 39. Re6 Nf6 40. Ne4 Kg8 41. Nxf6+ exf6
42. Qf5 Qg6 43. Qxf6 Qxf6 44. Rxf6 h5 45. Ree6 1-0

[Event "13th Parsvnath Open"]
[Site "New Delhi IND"]
[Date "2015.01.10"]
[Round "3.16"]
[White "Rombaldoni, Axel"]
[Black "Sidhant, Mohapatra"]
[Result "1-0"]
[WhiteTitle "GM"]
[WhiteElo "2509"]
[BlackElo "2281"]
[WhiteFideId "815837"]
[BlackFideId "5028698"]
[EventDate "2015.01.09"]

1. d4 d5 2. c4 c6 3. Nf3 Nf6 4. Nc3 e6 5. g3 Nbd7 6. Bg2 b6 7. O-O Bb7 8. Bf4
Be7 9. cxd5 Nxd5 10. Bd2 c5 11. e4 Nxc3 12. Bxc3 O-O 13. Qe2 Nf6 14. dxc5 Nxe4
15. Bxg7 Kxg7 16. c6 Bxc6 17. Ne5 Qd2 18. Qg4+ Qg5 19. Qxg5+ Bxg5 20. Nxc6 Nc5
21. b4 Na4 22. Rad1 Nc3 23. Rd3 Bf6 24. f4 Rac8 25. g4 Nxa2 26. g5 Bd8 27. b5
Bc7 28. Ra3 1-0

[Event "13th Parsvnath Open"]
[Site "New Delhi IND"]
[Date "2015.01.10"]
[Round "3.17"]
[White "Debashis, Das"]
[Black "Puranik, Abhimanyu"]
[Result "1-0"]
[WhiteTitle "GM"]
[BlackTitle "CM"]
[WhiteElo "2503"]
[BlackElo "2278"]
[WhiteFideId "5024854"]
[BlackFideId "5061245"]
[EventDate "2015.01.09"]

1. d4 Nf6 2. c4 g6 3. Nc3 d5 4. cxd5 Nxd5 5. e4 Nxc3 6. bxc3 Bg7 7. Qa4+ Qd7 8.
Qa3 b6 9. Nf3 Bb7 10. Bd3 O-O 11. Be3 c5 12. O-O cxd4 13. cxd4 e6 14. Ne5 Bxe5
15. dxe5 Nc6 16. f4 Nb4 17. Bb1 a5 18. Qb3 Bc6 19. a3 Ba4 20. Qb2 Nd3 21. Qxb6
Bc6 22. Rd1 Bxe4 23. Qd6 Qa4 24. Bxd3 Rfd8 25. Bxe4 Rxd6 26. exd6 Qxe4 27. Bf2
Rd8 28. Rac1 Qxf4 29. d7 Qa4 30. Rd4 Qxa3 31. Rcd1 Kg7 32. R4d3 Qb4 33. Rd6 e5
34. R6d5 a4 35. Bc5 Qb3 36. Be7 Rxd7 37. Rxd7 e4 38. Rf1 e3 39. Bg5 a3 40.
Rdxf7+ Qxf7 41. Rxf7+ Kxf7 42. Bxe3 Ke6 43. Kf2 Ke5 44. Bc1 a2 45. Bb2+ Kf4 46.
g3+ Ke4 47. Ke2 g5 48. Ba1 h6 49. Bb2 h5 50. Ba1 h4 51. Bb2 1-0

[Event "13th Parsvnath Open"]
[Site "New Delhi IND"]
[Date "2015.01.10"]
[Round "3.18"]
[White "Mehar, Chinna Reddy C.H."]
[Black "Neverov, Valeriy"]
[Result "0-1"]
[BlackTitle "GM"]
[WhiteElo "2281"]
[BlackElo "2501"]
[WhiteFideId "5027420"]
[BlackFideId "14100150"]
[EventDate "2015.01.09"]

1. e4 c5 2. Nf3 d6 3. d4 cxd4 4. Nxd4 Nf6 5. Nc3 a6 6. g3 g6 7. Bg2 Bg7 8. O-O
O-O 9. h3 Bd7 10. Be3 Nc6 11. Qd2 Rc8 12. Rad1 Qc7 13. Qe2 Rfe8 14. g4 b5 15. g5
Nxd4 16. Bxd4 Nh5 17. Bxg7 Kxg7 18. a3 Be6 19. Rfe1 Qc5 20. Qe3 Qe5 21. Rd2 h6
22. gxh6+ Kh7 23. Ne2 Qxb2 24. c4 Qf6 25. cxb5 axb5 26. f4 Bc4 27. Rf1 Qh4 28.
f5 gxf5 29. Rxf5 Rg8 30. Nd4 Ng3 31. Rf3 Rg5 32. Rdf2 f6 33. Nf5 Nxf5 34. exf5
Rc7 35. Qb6 Rc5 36. Re3 Re5 37. Rxe5 dxe5 38. Qc7 Qxh6 39. Qxe7+ Rg7 40. Qd6
Qc1+ 41. Kh2 Qe3 42. Qd2 Qg3+ 43. Kh1 Bd5 44. Qc2 Qxh3+ 0-1

[Event "13th Parsvnath Open"]
[Site "New Delhi IND"]
[Date "2015.01.10"]
[Round "3.19"]
[White "Shyam, Sundar M."]
[Black "Abhilash, Reddy M.L."]
[Result "1-0"]
[WhiteTitle "GM"]
[WhiteElo "2489"]
[BlackElo "2251"]
[WhiteFideId "5019141"]
[BlackFideId "5024668"]
[EventDate "2015.01.09"]

1. e4 c5 2. Nf3 d6 3. Nc3 Nf6 4. e5 dxe5 5. Nxe5 a6 6. a4 Nbd7 7. Nc4 Nb6 8. Ne3
e6 9. g3 Bd7 10. Bg2 Qc7 11. a5 Nc8 12. O-O Be7 13. d3 O-O 14. Nc4 Bc6 15. Bf4
Nd6 16. Bxc6 Qxc6 17. Ne5 Qc7 18. Qf3 Rac8 19. Rfd1 Nfe8 20. h4 f6 21. Nc4 Qc6
22. Qxc6 Rxc6 23. Ra3 Bd8 24. Bxd6 Nxd6 25. Nxd6 Rxd6 26. Ne4 Rc6 27. Nd2 Rf7
28. Nc4 Rd7 29. Kg2 Kf7 30. Re1 h5 31. Re3 Be7 32. Ra1 Bd6 33. Rae1 Bc7 34. Kf1
Rd5 35. Ke2 Rf5 36. Rb1 Rd5 37. Re1 Rf5 38. Kf1 Rd5 39. R1e2 Rd7 40. Ke1 Rd5 41.
Kd1 Rd7 42. Kc1 Rd5 43. Kb1 Rd7 44. Ka2 Rd5 45. Kb3 Ke7 46. Ka4 Kf7 47. Re1 Rf5
48. R3e2 Rd5 49. Rb1 Rd7 50. Ree1 Ke7 51. Re4 Kf7 52. Nd2 Rd5 53. Nc4 Rd7 54.
Ra1 Rd5 55. Ra3 Rd7 56. Rb3 Bd8 57. Nd2 e5 58. Nc4 Re6 59. Re2 Rc6 60. Ra3 Rd4
61. Re4 Rd7 62. Ra1 Bc7 63. Rae1 Bb8 64. Nb6 Rd8 65. Nc4 Rd7 66. Kb3 Bc7 67. Kc3
Bb8 68. Kd2 Bc7 69. R1e2 Bb8 70. Ke1 Bc7 71. Kf1 Bb8 72. f3 Bc7 73. Kg2 Bb8 74.
g4 g6 75. gxh5 gxh5 76. f4 exf4 77. Re8 Bc7 78. Rh8 Kg7 79. Rxh5 Kg6 80. Rh8 Rg7
81. Kf3 Kf5 82. Rh5+ Kg6 83. Rd5 Kh6 84. Re8 Rg3+ 85. Ke4 Rg2 86. Kf5 Rg7 87.
Rh8+ Rh7 88. Rxh7+ Kxh7 89. Nd2 Kh6 90. Rd7 Bxa5 91. Ne4 f3 92. Rf7 Bd8 93. Nf2
Rc7 94. Ng4+ Kh5 95. Rf8 Kxh4 96. Kf4 1-0

[Event "13th Parsvnath Open"]
[Site "New Delhi IND"]
[Date "2015.01.10"]
[Round "3.20"]
[White "Sahoo, Utkal Ranjan"]
[Black "Kunte, Abhijit"]
[Result "1/2-1/2"]
[BlackTitle "GM"]
[WhiteElo "2247"]
[BlackElo "2486"]
[WhiteFideId "5034566"]
[BlackFideId "5002265"]
[EventDate "2015.01.09"]

1. d4 Nf6 2. Nf3 e6 3. e3 b6 4. c4 Bb7 5. Nc3 Bb4 6. Bd3 c5 7. O-O O-O 8. Bd2 d6
9. a3 Bxc3 10. Bxc3 Nbd7 11. Qe2 Ne4 12. Nd2 Nxc3 13. bxc3 Rc8 14. f4 cxd4 15.
cxd4 Qe7 16. Nf3 e5 17. e4 exd4 18. Nxd4 g6 19. Rae1 Nc5 20. f5 Qe5 21. Nf3 Qc3
22. Bb1 Rce8 23. Qd2 Qxd2 24. Nxd2 Re7 25. fxg6 hxg6 26. Rf6 Rd8 27. Ref1 Rdd7
28. R6f4 Kg7 29. h4 Re6 30. g4 Rde7 31. Re1 Nd7 32. Nf3 Nc5 33. Nd4 Rf6 34. Rxf6
Kxf6 35. Nb5 Ke5 36. Nxa7 Kf4 37. Nb5 Rd7 38. Kf2 Bxe4 39. g5 Bxb1 40. Rxb1 Ne4+
41. Kg2 d5 42. Rd1 Ke5 43. cxd5 Rxd5 44. Rxd5+ Kxd5 45. Kf3 Ke5 46. Kg4 Nf2+ 47.
Kf3 Nd3 48. Kg4 Nf4 49. Nd6 Kxd6 50. Kxf4 Kd5 51. Kg4 b5 52. h5 gxh5+ 53. Kxh5
Ke5 54. Kh6 Kf5 55. Kg7 Kxg5 1/2-1/2

[Event "13th Parsvnath Open"]
[Site "New Delhi IND"]
[Date "2015.01.10"]
[Round "3.21"]
[White "Kulkarni, Rakesh"]
[Black "Shyam, Nikil P."]
[Result "1/2-1/2"]
[BlackTitle "IM"]
[WhiteElo "2241"]
[BlackElo "2455"]
[WhiteFideId "5037077"]
[BlackFideId "5024218"]
[EventDate "2015.01.09"]

1. e4 c5 2. c3 Nf6 3. e5 Nd5 4. Bc4 Nb6 5. Bb3 d5 6. exd6 exd6 7. d4 cxd4 8.
cxd4 d5 9. Nf3 Bb4+ 10. Nc3 O-O 11. O-O Bg4 12. Qd3 Nc6 13. Ng5 g6 14. Qg3 Bf5
15. Qh4 h5 16. h3 f6 17. Nf3 Rf7 18. Qf4 Ne7 19. Qd2 g5 20. Re1 Rg7 21. Nh2 Qd7
22. Qe2 g4 23. hxg4 hxg4 24. Nf1 Kf7 25. Bd2 Nc6 26. Nxd5 Nxd5 27. Qb5 Rd8 28.
Bxb4 Nxb4 29. Qxb4 Kg6 30. Qd2 Rh8 31. Ng3 Rgh7 32. Bc2 Bxc2 33. Qxc2+ Kf7 34.
Re4 f5 35. Re5 f4 36. Rxd5 Qxd5 37. Qc7+ Kg6 38. Qxf4 Rh2 39. Qxg4+ Kf7 40. Qf4+
Kg6 41. f3 R2h4 42. Qe5 Qxd4+ 43. Qxd4 Rxd4 44. Ne4 Rc8 45. Kf2 Rc2+ 46. Ke3 Rb4
47. g4 Rbxb2 48. Rd1 Re2+ 49. Kf4 Rb6 50. a4 Ra2 51. Rd4 Ra3 52. g5 Rbb3 53.
Rd6+ Kg7 54. Rd7+ Kg6 55. Rd6+ Kg7 56. Rd7+ Kg6 1/2-1/2

[Event "13th Parsvnath Open"]
[Site "New Delhi IND"]
[Date "2015.01.10"]
[Round "3.22"]
[White "Anurag, Mhamal"]
[Black "Lakshmi Narayanan, MV"]
[Result "1-0"]
[WhiteTitle "IM"]
[WhiteElo "2446"]
[BlackElo "2215"]
[WhiteFideId "5024366"]
[BlackFideId "5040647"]
[EventDate "2015.01.09"]

1. c4 Nf6 2. g3 g6 3. Bg2 Bg7 4. e4 O-O 5. Ne2 d6 6. O-O c5 7. Nbc3 Nc6 8. a3
Ne8 9. Rb1 a5 10. d3 Nc7 11. Be3 Bg4 12. f3 Bd7 13. f4 Rb8 14. d4 cxd4 15. Nxd4
Nxd4 16. Bxd4 Bxd4+ 17. Qxd4 b5 18. f5 bxc4 19. Qxc4 Bb5 20. Nxb5 Nxb5 21. fxg6
hxg6 22. Rbd1 e5 23. Rf2 Nd4 24. Rdf1 Rc8 25. Qd5 Rc5 26. Rxf7 Ne2+ 27. Kh1 Rxd5
28. Rxf8+ Qxf8 29. Rxf8+ Kxf8 30. exd5 g5 31. Be4 Nd4 32. b4 axb4 33. axb4 Ke7
34. Kg2 g4 35. Kf2 Kd8 36. Ke3 Kc7 37. Bd3 Kb6 38. Ke4 Kc7 39. Ba6 Kb8 40. Bf1
Kc7 41. Ba6 Kb8 42. Bd3 Kc7 43. Ke3 Kb6 44. Bg6 Kb5 45. Bh5 Kc4 46. Bxg4 Kxd5
47. h4 Nc2+ 48. Kd2 Nxb4 49. h5 Nc6 50. h6 Ne7 51. Bh5 1-0

[Event "13th Parsvnath Open"]
[Site "New Delhi IND"]
[Date "2015.01.10"]
[Round "3.23"]
[White "Chakravarthi Reddy, M"]
[Black "Nguyen, Van Huy"]
[Result "0-1"]
[WhiteTitle "IM"]
[BlackTitle "IM"]
[WhiteElo "2239"]
[BlackElo "2445"]
[WhiteFideId "25009532"]
[BlackFideId "12401064"]
[EventDate "2015.01.09"]

1. d4 Nf6 2. Nf3 d5 3. g3 Bf5 4. Bg2 c6 5. O-O h6 6. c4 e6 7. Nc3 Be7 8. Qb3 Qb6
9. c5 Qa6 10. Rd1 b6 11. Bf1 Qb7 12. Bf4 O-O 13. Rac1 Nbd7 14. Ne5 g5 15. Nxd7
Qxd7 16. Be5 bxc5 17. dxc5 Ng4 18. Bd4 e5 19. h3 Rfb8 20. Qa4 exd4 21. Nxd5 cxd5
22. c6 Qc7 23. hxg4 Rb4 0-1

[Event "13th Parsvnath Open"]
[Site "New Delhi IND"]
[Date "2015.01.10"]
[Round "3.24"]
[White "Pranav, Shetty"]
[Black "Gagare, Shardul"]
[Result "1/2-1/2"]
[BlackTitle "IM"]
[WhiteElo "2217"]
[BlackElo "2437"]
[WhiteFideId "5035058"]
[BlackFideId "5037883"]
[EventDate "2015.01.09"]

1. e4 c6 2. c4 d5 3. exd5 cxd5 4. cxd5 Nf6 5. Nc3 g6 6. Bc4 Bg7 7. Nge2 O-O 8.
O-O Na6 9. a4 Nb4 10. Qb3 a5 11. d3 b6 12. Nf4 Bb7 13. h4 Qd6 14. Be3 Rad8 15.
g3 Nfxd5 16. Nfxd5 Bxd5 17. Nxd5 Nxd5 18. Bxd5 Qxd5 19. Qxb6 Rb8 20. Qc5 Qxd3
21. Rab1 Bxb2 22. Rbd1 Qa3 23. Qxa5 Ra8 24. Qc7 Rfc8 25. Qd7 Bf6 26. Bg5 Qxa4
27. Bxf6 exf6 28. Qxa4 Rxa4 29. Kg2 f5 30. Rfe1 f4 31. g4 h6 32. Rc1 Rd8 33.
Rcd1 Rxd1 34. Rxd1 g5 35. Rd5 f6 36. h5 Ra7 37. Kf3 Re7 38. Rd8+ Kf7 39. Rh8 Kg7
40. Rb8 Ra7 41. Ke4 Re7+ 42. Kf3 Re5 43. Rb7+ Kg8 44. Rb8+ Kf7 45. Rb7+ Re7 46.
Rb8 Ra7 47. Rh8 Kg7 48. Rb8 Rf7 49. Ke4 Re7+ 50. Kf3 1/2-1/2

[Event "13th Parsvnath Open"]
[Site "New Delhi IND"]
[Date "2015.01.10"]
[Round "3.25"]
[White "Sunilduth Lyna, Narayanan"]
[Black "Swathi, Ghate"]
[Result "1-0"]
[WhiteTitle "IM"]
[BlackTitle "WGM"]
[WhiteElo "2437"]
[BlackElo "2188"]
[WhiteFideId "5058422"]
[BlackFideId "5003474"]
[EventDate "2015.01.09"]

1. Nf3 Nf6 2. g3 d5 3. Bg2 e6 4. O-O Be7 5. d3 b6 6. Nbd2 Bb7 7. e4 c5 8. Re1
Nc6 9. c3 Qc7 10. Qe2 O-O 11. e5 Nd7 12. Nf1 b5 13. h4 d4 14. Bf4 dxc3 15. bxc3
b4 16. d4 Nb6 17. dxc5 Nd5 18. Bg5 Bxc5 19. cxb4 Ncxb4 20. Ne3 Bxe3 21. Bxe3
Nxe3 22. Qxe3 Rfd8 23. Rec1 Qe7 24. Ng5 Bxg2 25. Kxg2 h6 26. Nf3 Rd5 27. Rc4 a5
28. a3 Nd3 29. Rd4 Rad8 30. Qxd3 1-0

[Event "13th Parsvnath Open"]
[Site "New Delhi IND"]
[Date "2015.01.10"]
[Round "3.26"]
[White "Gajwa, Ankit"]
[Black "Himanshu, Sharma"]
[Result "0-1"]
[BlackTitle "IM"]
[WhiteElo "2215"]
[BlackElo "2427"]
[WhiteFideId "5077834"]
[BlackFideId "5007836"]
[EventDate "2015.01.09"]

1. e4 c5 2. Nf3 Nc6 3. d4 cxd4 4. Nxd4 e6 5. Nc3 Qc7 6. Be3 a6 7. Qd2 Nf6 8.
O-O-O Bb4 9. f3 Ne5 10. Nb3 b5 11. Qe1 Be7 12. f4 Ng6 13. e5 Ng4 14. Ne4 O-O 15.
Bc5 Bxc5 16. Nexc5 f6 17. Qg3 Nh6 18. Bd3 fxe5 19. Bxg6 hxg6 20. fxe5 Nf5 21.
Qxg6 Qxe5 22. Qg5 Qe3+ 23. Qxe3 Nxe3 24. Rd2 Ra7 25. Re2 Nd5 26. Ne4 Bb7 27.
Rhe1 Nf4 28. Rd2 Bxe4 29. Rxe4 Rc7 30. Kd1 Nd5 31. Ke1 b4 32. g3 Rfc8 33. Kd1 a5
34. Nc1 a4 35. Ne2 a3 36. Kc1 axb2+ 37. Kxb2 Nb6 38. Kb3 Nc4 39. Rdd4 Na5+ 40.
Ka4 Nb7 41. Kxb4 Rb8 42. Ka3 Nc5 43. Rb4 Ra7+ 44. Kb2 Rab7 45. Kc3 Nxe4+ 46.
Rxe4 Kf7 47. a4 d5 48. Rf4+ Ke7 49. Rg4 Kd6 50. Nd4 Rc8+ 51. Kd3 Rf8 52. a5 e5
53. a6 Rbf7 54. Rg6+ Rf6 55. Nf5+ Kc5 56. Rxf6 Rxf6 57. a7 Ra6 58. Nxg7 Rxa7 59.
Nf5 Ra3+ 60. Ke2 Rc3 61. h4 Rxc2+ 62. Kf3 e4+ 63. Kg4 d4 64. h5 e3 65. h6 Ra2
66. h7 Ra8 67. Kf3 Rh8 68. g4 Rxh7 0-1

[Event "13th Parsvnath Open"]
[Site "New Delhi IND"]
[Date "2015.01.10"]
[Round "3.27"]
[White "Swapnil, S. Dhopade"]
[Black "Tiwari, Arjun"]
[Result "1-0"]
[WhiteTitle "IM"]
[WhiteElo "2424"]
[BlackElo "2179"]
[WhiteFideId "5019184"]
[BlackFideId "5011337"]
[EventDate "2015.01.09"]

1. d4 c5 2. d5 e5 3. e4 d6 4. Nc3 g6 5. f4 exf4 6. Bxf4 Nf6 7. Nf3 a6 8. Be2 Bg7
9. O-O O-O 10. a4 Bg4 11. Nd2 Bxe2 12. Qxe2 Nh5 13. Be3 Nd7 14. g4 Nhf6 15. Nc4
Nb6 16. Nd2 Re8 17. Qf3 Qd7 18. Bf4 Nxg4 19. a5 Nc8 20. Nc4 Ne5 21. Bxe5 Bxe5
22. Na4 Bd4+ 23. Kh1 Qe7 24. c3 Bg7 25. Rae1 f5 26. exf5 Qxe1 27. Rxe1 Rxe1+ 28.
Kg2 Ne7 29. Nxd6 Rf8 30. Nxc5 Nxf5 31. Nxf5 Rxf5 32. Qd3 Ree5 33. Ne4 Rxd5 34.
Qc4 h6 35. b4 Kh7 36. Qc7 Rde5 37. Qxb7 Rf4 38. Ng3 Rc4 39. Qxa6 Rxc3 40. Qb7
Rc2+ 41. Kh3 h5 42. a6 Kh6 43. a7 g5 44. Qa6+ 1-0

[Event "13th Parsvnath Open"]
[Site "New Delhi IND"]
[Date "2015.01.10"]
[Round "3.28"]
[White "Ajay Krishna, S"]
[Black "Satyapragyan, Swayangsu"]
[Result "0-1"]
[BlackTitle "IM"]
[WhiteElo "2187"]
[BlackElo "2410"]
[WhiteFideId "5096430"]
[BlackFideId "5004306"]
[EventDate "2015.01.09"]

1. d4 Nf6 2. Nf3 e6 3. g3 b6 4. Bg2 Bb7 5. O-O g6 6. c4 Bg7 7. Nc3 Ne4 8. Nxe4
Bxe4 9. Bg5 Qc8 10. Qd2 h6 11. Be3 Qb7 12. Rfd1 d5 13. cxd5 Bxd5 14. Rac1 Nd7
15. Ne1 Nf6 16. Qb4 Bxg2 17. Nxg2 O-O-O 18. Qc4 g5 19. a4 Rd5 20. f3 Rd7 21. a5
Kb8 22. Ne1 Qd5 23. Qa4 Qxa5 24. Qxa5 bxa5 25. Nd3 Nd5 26. Bf2 Rhd8 27. e3 Nb4
28. Nc5 Rd6 29. f4 Rb6 30. Na4 Rb5 31. Nc3 Rb7 32. Ne4 gxf4 33. gxf4 Bf8 34. Rc4
Nd5 35. Rd2 f5 36. Nc5 Bxc5 37. Rxc5 Rd6 38. Rxa5 Rdb6 39. Ra2 Rb3 40. Re2 R7b6
41. Kg2 R6b4 42. Ra6 Nb6 43. Ra2 Kb7 44. e4 fxe4 45. Rxe4 Nd5 46. Kf1 Rxb2 47.
Rxb2 Rxb2 48. Rxe6 Nxf4 49. Rxh6 Rb1+ 50. Be1 a5 51. h4 a4 52. Rf6 a3 0-1

[Event "13th Parsvnath Open"]
[Site "New Delhi IND"]
[Date "2015.01.10"]
[Round "3.29"]
[White "Ramnath Bhuvanesh, R"]
[Black "Thing, Bibek"]
[Result "1/2-1/2"]
[WhiteTitle "IM"]
[WhiteElo "2405"]
[BlackElo "1979"]
[WhiteFideId "5026598"]
[BlackFideId "12303135"]
[EventDate "2015.01.09"]

1. e4 c5 2. Nf3 d6 3. Bc4 e6 4. O-O Nf6 5. Qe2 Be7 6. Bb3 O-O 7. c3 e5 8. d4 Qc7
9. Rd1 Bg4 10. dxe5 dxe5 11. Nbd2 Nbd7 12. Nf1 Qc6 13. Bc2 Rfe8 14. Ne3 Bh5 15.
Nf5 Bf8 16. Bg5 c4 17. Ng3 Bg6 18. Nh4 b5 19. Qf3 a5 20. Nhf5 Ra6 21. Rd2 Nc5
22. Rad1 Bxf5 23. Qxf5 h6 24. Be3 Qe6 25. Qxe6 Nxe6 26. Nf5 Rb8 27. f3 b4 28.
Ba4 Nc5 29. Bxc5 Bxc5+ 30. Kf1 g6 31. Rd8+ Rxd8 32. Rxd8+ Kh7 33. Rc8 gxf5 34.
Rxc5 bxc3 35. bxc3 fxe4 36. Bb5 Rb6 37. Rxe5 exf3 38. gxf3 Kg7 39. Ke2 a4 40.
Ke3 a3 41. h3 Nh7 42. Bxc4 Rc6 43. Ke4 Rf6 44. Bd5 Ng5+ 1/2-1/2

[Event "13th Parsvnath Open"]
[Site "New Delhi IND"]
[Date "2015.01.10"]
[Round "3.30"]
[White "Kumar, Gaurav"]
[Black "Sardana, Rishi"]
[Result "0-1"]
[BlackTitle "IM"]
[WhiteElo "1986"]
[BlackElo "2404"]
[WhiteFideId "5085578"]
[BlackFideId "25004301"]
[EventDate "2015.01.09"]

1. e4 c5 2. Nf3 d6 3. d4 cxd4 4. Nxd4 Nf6 5. Nc3 a6 6. Be2 e5 7. Nb3 Be7 8. O-O
O-O 9. Kh1 b6 10. f4 Bb7 11. Bf3 b5 12. a4 b4 13. Nd5 Nxd5 14. exd5 Bf6 15. f5
a5 16. Be4 Nd7 17. Qh5 h6 18. h4 Ba6 19. Rg1 Be7 20. g3 Nf6 21. Qf3 Qc7 22. Be3
Nxe4 23. Qxe4 Qc4 24. Qxc4 Bxc4 25. Rgd1 Be2 26. Rd2 Bf3+ 27. Kg1 Be4 28. Bb6
Bd8 29. Bxd8 Rfxd8 30. Rf1 Rdc8 31. Rff2 h5 32. Kh2 Kf8 33. Kg1 Ke7 34. Kf1 Kf6
35. Ke1 Bxf5 36. Kd1 Kg6 37. Nc1 Bd7 38. b3 Bg4+ 39. Ke1 Rc3 40. Rd3 Rac8 41.
Kd2 Rxc2+ 0-1

[Event "13th Parsvnath Open"]
[Site "New Delhi IND"]
[Date "2015.01.10"]
[Round "3.31"]
[White "Sumit, Grover"]
[Black "Kulkarni, Vikramaditya"]
[Result "0-1"]
[BlackTitle "IM"]
[WhiteElo "1952"]
[BlackElo "2354"]
[WhiteFideId "5020409"]
[BlackFideId "5009847"]
[EventDate "2015.01.09"]

1. d4 Nf6 2. c4 e6 3. Nc3 c5 4. d5 exd5 5. cxd5 d6 6. Nf3 g6 7. e4 a6 8. a4 Bg4
9. Be2 Bxf3 10. Bxf3 Bg7 11. O-O O-O 12. Bf4 Ne8 13. Qd2 Nd7 14. Bg5 Nef6 15.
Be2 Qa5 16. Kh1 Qb4 17. f3 c4 18. a5 Qc5 19. Rfc1 Rac8 20. Be3 Qc7 21. Na4 Qd8
22. Bxc4 Nh5 23. Bf1 Qh4 24. Bg5 Ng3+ 25. Kg1 Qxg5 26. f4 Nxe4 0-1

[Event "13th Parsvnath Open"]
[Site "New Delhi IND"]
[Date "2015.01.10"]
[Round "3.32"]
[White "Sa, Kannan"]
[Black "Visakh, NR"]
[Result "0-1"]
[WhiteElo "1908"]
[BlackElo "2346"]
[WhiteFideId "5018340"]
[BlackFideId "25012223"]
[EventDate "2015.01.09"]

1. d4 Nf6 2. Nf3 e6 3. Bg5 h6 4. Bh4 d6 5. Nbd2 g5 6. Bg3 Nh5 7. e3 Bg7 8. Bd3
Nd7 9. c3 Qe7 10. Qc2 b6 11. Be4 d5 12. Bd3 Nxg3 13. hxg3 c5 14. e4 Bb7 15. e5
Rc8 16. Qd1 cxd4 17. cxd4 Qb4 18. Qb3 Qxb3 19. Nxb3 Ke7 20. g4 Rc7 21. Kd2 Rhc8
22. Rae1 Nb8 23. g3 Ba6 24. Bb1 Nc6 25. Rc1 Bc4 26. Na1 Kd8 27. b3 Ba6 28. Nc2
Bf8 29. a3 Na5 0-1

[Event "13th Parsvnath Open"]
[Site "New Delhi IND"]
[Date "2015.01.10"]
[Round "3.33"]
[White "Popov, Ivan RUS"]
[Black "Iniyan, P"]
[Result "1-0"]
[WhiteTitle "GM"]
[WhiteElo "2622"]
[BlackElo "2131"]
[WhiteFideId "4170350"]
[BlackFideId "25002767"]
[EventDate "2015.01.09"]

1. e4 c5 2. Nf3 d6 3. d4 cxd4 4. Nxd4 Nf6 5. Nc3 a6 6. h3 e6 7. g4 d5 8. Nde2
Bb4 9. a3 Bc5 10. exd5 Qb6 11. Be3 Bxe3 12. fxe3 Qxe3 13. Bg2 O-O 14. Qd4 Qxd4
15. Nxd4 Nxd5 16. Bxd5 exd5 17. Nxd5 Nc6 18. Nxc6 bxc6 19. Ne7+ Kh8 20. O-O-O c5
21. Nxc8 Raxc8 22. Rd6 a5 23. Ra6 Ra8 24. Rxa8 Rxa8 25. Rd1 g6 26. Rd7 Kg7 27.
Rc7 Re8 28. Rxc5 Re3 29. Rxa5 Rxh3 30. b4 Re3 31. b5 Re7 32. b6 Rb7 33. Rb5 h5
34. gxh5 gxh5 35. a4 h4 36. a5 Kg6 37. a6 h3 38. axb7 h2 39. b8=Q h1=Q+ 40. Kb2 1-0

[Event "13th Parsvnath Open"]
[Site "New Delhi IND"]
[Date "2015.01.10"]
[Round "3.34"]
[White "Brunello, Sabino"]
[Black "Yohan, J."]
[Result "1-0"]
[WhiteTitle "GM"]
[WhiteElo "2552"]
[BlackElo "2124"]
[WhiteFideId "813613"]
[BlackFideId "5058589"]
[EventDate "2015.01.09"]

1. d4 f5 2. g3 Nf6 3. Bg2 e6 4. c4 d6 5. Nc3 Be7 6. e4 e5 7. dxe5 dxe5 8. Qxd8+
Bxd8 9. exf5 Na6 10. Nf3 Nb4 11. O-O Bxf5 12. Bd2 O-O 13. Nxe5 c6 14. Nd1 Nc2
15. Ne3 Nxa1 16. Nxf5 Re8 17. Nxc6 Re2 18. Bc3 bxc6 19. Bxc6 Rc8 20. Bf3 Re6 21.
Rxa1 g6 22. Ne3 h5 23. Nd5 Ne4 24. Nf4 Re8 25. Re1 Rxc4 26. Nxg6 Bb6 27. Kg2 Kh7
28. Nh4 a5 29. Bxh5 1-0

[Event "13th Parsvnath Open"]
[Site "New Delhi IND"]
[Date "2015.01.10"]
[Round "3.35"]
[White "Rakesh, Kumar Jena"]
[Black "Gasanov, Eldar"]
[Result "1/2-1/2"]
[WhiteTitle "FM"]
[BlackTitle "GM"]
[WhiteElo "2123"]
[BlackElo "2520"]
[WhiteFideId "5084822"]
[BlackFideId "14104466"]
[EventDate "2015.01.09"]

1. e4 e5 2. Nf3 Nc6 3. Bb5 g6 4. O-O Bg7 5. c3 a6 6. Ba4 d6 7. h3 Nf6 8. d4 O-O
9. Re1 b5 10. Bc2 Bb7 11. Bg5 h6 12. Bh4 Qd7 13. Nbd2 Rfe8 14. dxe5 Nxe5 15.
Nxe5 Rxe5 16. Nf3 Ree8 17. Bxf6 Bxf6 18. e5 Bg7 19. exd6 Rxe1+ 20. Nxe1 c5 21.
Qg4 Qxd6 22. Rd1 Qc6 23. Qd7 Re8 24. Qxc6 Bxc6 25. Kf1 b4 26. cxb4 cxb4 27. b3
Bc3 28. Nf3 Bb5+ 29. Bd3 Rd8 30. Ke2 Ra8 31. Kf1 Ra7 32. Be2 Kg7 33. Nd4 Be8 34.
Nc2 a5 35. Ne3 Rd7 36. Nc4 Rxd1+ 37. Bxd1 Bb5 38. Be2 a4 39. Nb6 axb3 40. axb3
Bc6 41. Bc4 Kf6 42. f3 Bd4 43. Nd5+ Bxd5 44. Bxd5 Ke5 1/2-1/2